| Tag |
First Indicator |
Second Indicator |
Subfields |
| LEADER |
00000cam a22000004a 4500 |
| 001 |
in00002000956 |
| 005 |
20151031125349.0 |
| 008 |
031118s2004 mdua b 001 0 eng |
| 010 |
|
|
|a 2003025423
|
| 020 |
|
|
|a 1591144604 (alk. paper)
|
| 035 |
|
|
|a (OCoLC)ocm53831773
|
| 040 |
|
|
|a DLC
|c DLC
|d UtOrBLW
|
| 042 |
|
|
|a pcc
|
| 043 |
|
|
|a n-us---
|
| 049 |
|
|
|a TXAM
|
| 050 |
0 |
0 |
|a VB308
|b .L43 2004
|
| 082 |
0 |
0 |
|a 359.3/38
|2 22
|
| 100 |
1 |
|
|a Leahy, J. F.,
|d 1946-
|
| 245 |
1 |
0 |
|a Ask the chief :
|b backbone of the Navy /
|c J. F. Leahy.
|
| 264 |
|
1 |
|a Annapolis, Md. :
|b Naval Institute Press,
|c [2004]
|
| 264 |
|
4 |
|c ©2004
|
| 300 |
|
|
|a xiv, 230 pages :
|b illustrations ;
|c 24 cm.
|
| 336 |
|
|
|a text
|b txt
|2 rdacontent
|
| 337 |
|
|
|a unmediated
|b n
|2 rdamedia
|
| 338 |
|
|
|a volume
|b nc
|2 rdacarrier
|
| 504 |
|
|
|a Includes bibliographical references (pages 219-222) and index.
|
| 505 |
0 |
|
|a What is a chief petty officer? -- In the beginning -- Making chief -- Initiation -- The chief petty officers mess -- Chiefs and junior officers -- Mustangs -- Then and now -- Quality and leadership -- The command master chief petty officer -- The master chief petty officer of the Navy -- Modern leaders for a modern Navy -- In harm's way -- Chiefs are what chiefs do.
|
| 610 |
1 |
0 |
|a United States.
|b Navy
|x Petty officers.
|
| 610 |
2 |
0 |
|a George Washington (Aircraft carrier)
|
| 945 |
|
|
|i PromptCat
|
| 948 |
|
|
|a cataloged
|b h
|c 2004/11/5
|d c
|e dmitchel
|f 10:44:38 am
|
| 994 |
|
|
|a 92
|b TXA
|
| 999 |
|
|
|a MARS
|
| 999 |
f |
f |
|s 414868dd-053e-3572-9148-d1ed8fb75cbb
|i 7ad0103d-c61d-3bc9-802d-72157d474389
|t 0
|
| 952 |
f |
f |
|p ric
|a Texas A&M University
|b Rellis Campus
|c Joint Library Facility
|s JLF
|d Remote Storage
|t 0
|e VB308 .L43 2004
|h Library of Congress classification
|i unmediated -- volume
|m A14831585103
|
| 998 |
f |
f |
|a VB308 .L43 2004
|t 0
|l Remote Storage
|